00535nam a2200157Ia 4500003000900000008004100009020001800050040001600068080001600084100001600100245010900116260003800225300001400263650004400277650005600321IN-BaIIA211028s9999 xx 000 0 eng d a0-471-10774-3 cIIA Library a621.01bCOO aCook, R. D. 0aFinite element modeling for stress analysiscR. D. Cook  aNew YorkbJohn Wiley & Sonsc1995 axi; 320p. aFinite Element Method - Data Processing aStructural Analysis (Engineering) - Data Processing